000 00688nam a22002537a 4500
003 UA-OsUOA
001 26152
007 ta
008 20040514b un ||||| |||| 00| 0 ukr d
100 _aМечников Л.И.
090 _a502
_bМ55
942 _cBK
040 _aUA-OsUOA
_brus
_cUA-OsUOA
_dUA-OsUOA
245 _aЦивилизация и великие исторические реки
_bСтатьи
300 _a464 с.
955 _a0
041 _arus
080 _a502
020 _a5-01-004448-Х
260 _aМосква
_bИздательская группа "Прогресс", "Пангея"
_c1995
044 _aRU
650 7 _2UDC
999 _c312465
_d312465